00544nam a2200145Ia 4500008004100000040001900041041001200060082003500072100002600107245015700133260004000290300001700330650002300347651002800370131103s9999 xx 000 0 und d aLoreto College aEnglish a891.443/SARbLCLIB/BnSem/19842 aSarkar, Sudhirchandra aPouranik abhibhanb bed, uponishad, sanhita, mahabharat, ramayan, astadosh puran, upopuran itadi hotey sangrihita bibidha biboron cSudhirchandra Sarkar aCalcuttabM. C. Sarkar & Sonsc1959 a479p c 18cm aBengali Dictionary aMythological Dictionary